000 00480pab a2200169 454500
008 180718b1995 xxu||||| |||| 00| 0 eng d
100 _aBhowmik, Atri
245 _aAccounting procedure and financial reports of universities
260 _c1995
300 _ap.5-6
362 _a2 Oct
650 _aUniversities and colleges - Finance
650 _aUniversities and colleges - Accounting
650 _aEducation, Higher - India
773 _aUniversity News
909 _a29472
999 _c29472
_d29472